Phân tích tương tác kiểu Gen và môi trường đến năng suất và hàm lượng Amylose ở một số giống lúa (Oryza sativa L.) : Luận văn Thạc sĩ chuyên ngành Công nghệ sinh học

Đề tài nghiên cứu phân tích tương tác kiểu gen và môi trường đến năng suất và hàm lượng amylose ở một số giống lúa nhằm đánh giá tương tác kiểu gen và môi trường đến năng suất và hàm lượng amylose của một số giống lúa nhằm chọn...

全面介紹

Đã lưu trong:
書目詳細資料
主要作者: Nguyễn, Thị Thuỳ Dương
格式: 圖書
語言:Undetermined
出版: Cần Thơ Trường Đại học Cần Thơ 2011
主題:
標簽: 添加標簽
沒有標簽, 成為第一個標記此記錄!
Thư viện lưu trữ: Trung tâm Học liệu Trường Đại học Cần Thơ
LEADER 01398nam a2200229Ia 4500
001 CTU_171093
008 210402s9999 xx 000 0 und d
082 |a 633.18 
082 |b D561 
088 |a 60420201 
100 |a Nguyễn, Thị Thuỳ Dương 
245 0 |a Phân tích tương tác kiểu Gen và môi trường đến năng suất và hàm lượng Amylose ở một số giống lúa (Oryza sativa L.) : 
245 0 |b Luận văn Thạc sĩ chuyên ngành Công nghệ sinh học 
245 0 |c Nguyễn Thị Thuỳ Dương ; Nguyễn Thị Lang ( Hướng dẫn khoa học ) 
260 |a Cần Thơ 
260 |b Trường Đại học Cần Thơ 
260 |c 2011 
520 |a Đề tài nghiên cứu phân tích tương tác kiểu gen và môi trường đến năng suất và hàm lượng amylose ở một số giống lúa nhằm đánh giá tương tác kiểu gen và môi trường đến năng suất và hàm lượng amylose của một số giống lúa nhằm chọn được giống cho năng suất cao, phẩm chất tốt và ổn định 
650 |a Cây lúa,Rice 
650 |x Nghiên cứu,Research 
904 |i Tuyền, Hải 
980 |a Trung tâm Học liệu Trường Đại học Cần Thơ